MARC

LEADER 00000nam0a2200000 4500
001 317094
005 20231102002935.0
035 |a (RuTPU)RU\TPU\book\342562 
090 |a 317094 
100 |a 20160405d1957 m y0rusy50 ca 
101 0 |a rus 
102 |a RU 
105 |a y z 000zy 
200 1 |a Заглянем в будущее. Радиоэлектроника сегодня и завтра  |f А. Ф. Плонский  |g под ред. В. И. Сифорова 
210 |a Москва  |c Госполитиздат  |d 1957 
215 |a 71 с. 
606 1 |a Радиоэлектроника  |2 stltpush  |3 (RuTPU)RU\TPU\subj\69507  |9 84342 
610 1 |a атомная энергия 
610 1 |a радиоволны 
610 1 |a автоматизация 
610 1 |a механизация 
610 1 |a электронные машины 
610 1 |a телевидение 
610 1 |a применение 
610 1 |a транспорт 
610 1 |a здравоохранение 
610 1 |a медицина 
610 1 |a ультразвук 
610 1 |a сельское хозяйство 
610 1 |a беспроволочный телеграф 
610 1 |a беспроволочная связь 
610 1 |a полупроводники 
675 |a 621.37/.39  |v 4 
700 1 |a Плонский  |b А. Ф.  |g Александр Филиппович 
702 1 |a Сифоров  |b В. И.  |4 340 
801 1 |a RU  |b 63413507  |c 20160405 
801 2 |a RU  |b 63413507  |c 20160407  |g RCR 
942 |c BK